000 00399nam a2200145Ia 4500
008 240729s9999 xx 000 0 und d
022 _a2521-3407
245 0 _aIbn Al-Haitham Journal for Pure and Applied Sciences
260 _aIraq
260 _bUniversity of Baghdad
650 _aScience
856 _uhttps://doaj.org/toc/7d69cd30f1fb4aefa6ad83e222c57160
942 _2ddc
942 _cDOAJEJ
999 _c72814
_d72814
945 _a1
_bMadushi Gamage
_c1
_dMadushi Gamage